France : Grades ET unités des armées - Statistiques

Statistiques générales
  • Ce quiz a été pris 48 fois
  • Le résultat moyen est 6 sur 32
Statistiques - réponses
Par images Réponse % Correct
{Gendarme-adjoint} volontaire
69%
{Major} de la {Garde} républicaine
54%
{Sergent} des {Troupes de Marine}
34%
{Caporal-chef} de 1ère classe des {Transmissions}
31%
{Sous-lieutenant} Armée de {l'air}
31%
{Caporal} Armée de {l'air}
29%
{Aspirant} d'{Infanterie}
26%
{Colonel} du corps technique et {administratif} de la gendarmerie
26%
{Major} de la Gendarmerie {maritime}
26%
{Adjudant-chef} des {Chasseurs}
23%
{Lieutenant-colonel} Armée de {l'air}
23%
{Major} d'{Infanterie}
23%
{Lieutenant-colonel} d'{Infanterie}
20%
{Major} d'{Artillerie}
20%
{Adjudant} de la gendarmerie {mobile}
17%
{Capitaine de corvette} {Marine} nationale
17%
{Major] de la {Gendarmerie}
17%
{Mousse} {Marine} nationale
17%
{Sergent} d'{Infanterie}
17%
{Adjudant} de la Gendarmerie de {l'air}
14%
{Brigadier} volontaire de la gendarmerie de {l'air}
14%
{Adjudant-chef] de la {Légion Etrangère}
11%
{Adjudant} des {Dragons}
11%
{Adjudant} du {Génie}
11%
{Brigadier-chef} du {Train}
11%
{Enseigne de vaisseau} de 2e classe {Marine} nationale
11%
{Premier maitre} {Marine} nationale
9%
{Soldat de 1ère classe} de l'arme du {Matériel}
6%
{Soldat de 1ère classe} d'{Infanterie}
6%
{Maréchal-des-logis chef} de l'{Artillerie de Montagne}
0%
{Sapeur} du {Génie parachutiste}
0%
{Soldat} de 2e classe des {Cuirassiers}
0%
Aucun quiz correspondant
Distribution des résultats
% des personnes avec chaque résultat
Percentile par nombre de réponses
Votre historique - résultats
Vous n’avez pas pris ce quiz